| 000 | 01889nam a22003017a 4500 | ||
|---|---|---|---|
| 005 | 20110812114120.0 | ||
| 010 | _aENG-103288 B-457765-769 | ||
| 020 |
_c725.00 _a9788179103142 |
||
| 035 | _aEN-86821 B-457765-769 | ||
| 037 | _bDBAD/PUB | ||
| 037 | _bK.K.Pub/Ven | ||
| 082 | _a659.1 | ||
| 100 |
_aTailor, R. K. _948553 |
||
| 245 |
_aAdvertising : _cby R. K. Tailor [and] Sunita Tailor _bmodern concepts, principles & methods / |
||
| 260 |
_aJaipur _bAavishkar Publishers _c2010 |
||
| 270 |
_a807, Vyas Building, Chaura Rasta _bJaipur _e302003 |
||
| 300 |
_aix,220p. _c22cm (Hb) |
||
| 500 | _aIncludes bibliographical references | ||
| 700 |
_931640 _aTailor, Sunita |
||
| 942 |
_2ddc _cEN _mMOD _h659.1 |
||
| 999 |
_c55342 _d55342 |
||